Theory & Design of Switching Circuits

Salvato in:
Dettagli Bibliografici
Autori principali: Friedman, Arthur D (Autore), Menon, Premach R (Autore)
Natura: Libro
Lingua:inglese
Pubblicazione: California : Computer Science Press, 1975
Tags: Aggiungi Tag
Nessun Tag, puoi essere il primo ad aggiungerne!!

MARC

LEADER 00000nam a22000003a 4500
001 stu263925
005 20150617230221.2
008 130312s--------xxu-----------------eng-d
020 |a 0-914894-52-8 
040 |a STU  |b slo 
041 0 |a eng 
044 |a xxu 
100 1 |a Friedman, Arthur D  |4 aut 
245 1 |a Theory & Design of Switching Circuits 
260 |a California :  |b Computer Science Press,  |c 1975 
300 |a 581 s 
700 1 |a Menon, Premach R  |4 aut 
996 |l II680  |s A  |a 24  |w stu263925_0001